[Event "Aegean op 42nd"]
[Site "Aghios Kirykos"]
[Date "2019.07.10"]
[Round "2"]
[White "Drakoulakos, Grigorios"]
[Black "Kadianis, Georgios"]
[Result "1-0"]
[WhiteElo "2240"]
[BlackElo "1991"]
[PlyCount "87"]
[EventDate "2019.07.09"]
[EventType "swiss"]
[EventRounds "9"]
[EventCountry "GRE"]
[SourceTitle "EXT 2020"]
[Source "ChessBase"]
[SourceDate "2019.10.17"]
[SourceVersion "1"]
[SourceVersionDate "2019.10.17"]
[SourceQuality "1"]

1. Nf3 d5 2. c4 c6 3. e3 Nf6 4. Qc2 e6 5. b3 Bd6 6. Bb2 Nbd7 7. Nc3 Qe7 8. Be2 Nf8 9. d4 Ng6 10. h4 h6 11. Bd3 Nf8 12. e4 dxe4 13. Nxe4 Nxe4 14. Bxe4 Nd7 15. 0-0 Nf6 16. Rfe1 Qc7 17. Bd3 Bd7 18. d5 cxd5 19. Bxf6 gxf6 20. Qb2 dxc4 21. Qxf6 Rg8 22. Bxc4 Be7 23. Qxh6 Bc6 24. Qh5 Qf4 25. Bb5 Rd8 26. Bxc6+ bxc6 27. Rxe6 Rd5 28. Re5 Rxe5 29. Nxe5 Bxh4 30. Nf3 Bf6 31. Re1+ Kf8 32. Qc5+ Kg7 33. Qxc6 Rh8 34. Qe4 Qh6 35. Qg4+ Kf8 36. Kf1 Qh7 37. Re4 Qh1+ 38. Ng1 Qh6 39. Qc8+ Kg7 40. Rg4+ Bg5 41. Qc3+ f6 42. Nh3 Kh7 43. Qc7+ Kg8 44. Rb4 1-0

[Event "Athens NTUA 3rd"]
[Site "Athens"]
[Date "2018.12.18"]
[Round "6"]
[White "Drakoulakos, Grigorios"]
[Black "Kalogridakis, Georgios"]
[Result "0-1"]
[WhiteElo "2134"]
[BlackElo "2107"]
[PlyCount "138"]
[EventDate "2018.11.03"]
[EventType "k.o."]
[EventRounds "6"]
[EventCountry "GRE"]
[SourceTitle "EXT 2020"]
[Source "ChessBase"]
[SourceDate "2019.10.17"]
[SourceVersion "1"]
[SourceVersionDate "2019.10.17"]
[SourceQuality "1"]

1. Nf3 c5 2. c4 Nf6 3. Nc3 Nc6 4. e3 d5 5. cxd5 Nxd5 6. a3 e6 7. Be2 Be7 8. 0-0 0-0 9. Qc2 b6 10. b3 Bb7 11. Bb2 Rc8 12. Rac1 Bf6 13. Ne4 Bxb2 14. Qxb2 Qe7 15. Rfd1 Rfd8 16. Ng3 Nf6 17. d3 h6 18. Nd2 Rd7 19. Nc4 Rcd8 20. Qc3 Nd5 21. Qc2 e5 22. Bg4 Rc7 23. Bf3 g6 24. Be2 Rcd7 25. Ne4 Kh7 26. Bf1 f5 27. Ned2 Nf6 28. Nf3 Qe6 29. Ne1 Ne7 30. Qb2 Nc6 31. b4 b5 32. Nd2 cxb4 33. axb4 Nd5 34. Nb3 Qe7 35. Nc5 Rd6 36. Nc2 Nf6 37. Na3 a6 38. Rc2 e4 39. d4 Nd5 40. Rdc1 Ndxb4 41. Nxb7 Qxb7 42. Rc5 Nd5 43. Nc4 Re6 44. Ne5 Nxe5 45. dxe5 Qe7 46. Qa2 Nb6 47. Qxa6 Nc4 48. Qxb5 Nxe5 49. Rc7 Rd7 50. Rxd7 Qxd7 51. Qb8 Qg7 52. Rc7 Re7 53. Rc8 Nd7 54. Qd6 Ne5 55. Qd8 Rd7 56. Qb6 h5 57. Qb3 Rb7 58. Qc3 Nf7 59. Qc2 Ne5 60. h3 Rd7 61. Bb5 Rb7 62. Ba6 Rd7 63. Kh2 Nd3 64. g3 h4 65. Kg2 hxg3 66. Kxg3 Qe5+ 67. f4 exf3+ 68. Kxf3 Qe4+ 69. Ke2 Nf4+ 0-1

[Event "Athens NTUA 3rd"]
[Site "Athens"]
[Date "2018.12.18"]
[Round "6"]
[White "Drakoulakos, Grigorios"]
[Black "Kalogridakis, Georgios"]
[Result "1-0"]
[WhiteElo "2134"]
[BlackElo "2107"]
[PlyCount "51"]
[EventDate "2018.11.03"]
[EventType "k.o."]
[EventRounds "6"]
[EventCountry "GRE"]
[SourceTitle "EXT 2020"]
[Source "ChessBase"]
[SourceDate "2019.10.17"]
[SourceVersion "1"]
[SourceVersionDate "2019.10.17"]
[SourceQuality "1"]

1. e4 c5 2. Nf3 d6 3. d4 cxd4 4. Nxd4 Nf6 5. Nc3 a6 6. h3 e5 7. Nde2 b5 8. g3 Be6 9. Bg2 Be7 10. 0-0 Nbd7 11. f4 b4 12. Nd5 h5 13. Be3 Bxd5 14. exd5 Qc7 15. fxe5 Nxe5 16. Nd4 g6 17. Nc6 Nxc6 18. dxc6 0-0 19. Bd4 Nh7 20. Bd5 Bg5 21. Qd3 Bf6 22. Qxg6+ Kh8 23. Bxf6+ Nxf6 24. Qxf6+ Kh7 25. Be4+ Kg8 26. Qg5+ 1-0

[Event "Athens Mitsakos Memorial 1st"]
[Site "Athens"]
[Date "2018.12.08"]
[Round "6"]
[White "Drakoulakos, Grigorios"]
[Black "Nemtsas, Hristoforos"]
[Result "1-0"]
[WhiteElo "2264"]
[BlackElo "1908"]
[PlyCount "75"]
[EventDate "2018.11.03"]
[EventType "swiss"]
[EventRounds "7"]
[EventCountry "GRE"]
[SourceTitle "EXT 2020"]
[Source "ChessBase"]
[SourceDate "2019.10.17"]
[SourceVersion "1"]
[SourceVersionDate "2019.10.17"]
[SourceQuality "1"]

1. e4 c5 2. Nf3 d6 3. d4 Nf6 4. Nc3 cxd4 5. Nxd4 a6 6. h3 e5 7. Nde2 h5 8. g3 Nbd7 9. Bg2 b5 10. 0-0 Bb7 11. a4 b4 12. Nd5 Nxd5 13. exd5 g6 14. Be3 a5 15. Qd2 Bg7 16. c3 Ba6 17. cxb4 axb4 18. Rfc1 0-0 19. Rc6 Bb5 20. axb5 Rxa1+ 21. Kh2 Nb8 22. Qxb4 Qa5 23. Qxa5 Rxa5 24. Nc3 e4 25. Rxd6 Bxc3 26. bxc3 Rxb5 27. Bxe4 Rc8 28. c4 Rb4 29. Bd3 Re8 30. Bf1 Rb2 31. Bg2 Rc2 32. c5 Kf8 33. Rb6 Nd7 34. Rb7 Nb8 35. c6 Na6 36. d6 Rd8 37. Bg5 Rc8 38. d7 1-0

[Event "Athens NTUA 3rd"]
[Site "Athens"]
[Date "2018.11.19"]
[Round "3"]
[White "Drakoulakos, Grigorios"]
[Black "Sifonios, Panagiotis"]
[Result "1-0"]
[WhiteElo "2134"]
[BlackElo "1269"]
[PlyCount "61"]
[EventDate "2018.11.03"]
[EventType "k.o."]
[EventRounds "6"]
[EventCountry "GRE"]
[SourceTitle "EXT 2020"]
[Source "ChessBase"]
[SourceDate "2019.10.17"]
[SourceVersion "1"]
[SourceVersionDate "2019.10.17"]
[SourceQuality "1"]

1. e4 d5 2. exd5 Nf6 3. d4 c6 4. dxc6 Nxc6 5. Nf3 Bg4 6. Be2 e6 7. c3 Bd6 8. 0-0 Qc7 9. h3 Bh5 10. Nbd2 g5 11. Nxg5 Bxe2 12. Qxe2 0-0-0 13. Nde4 Nxe4 14. Nxe4 Bh2+ 15. Kh1 Rdg8 16. g3 Bxg3 17. fxg3 f5 18. Ng5 Rg6 19. Bf4 Qe7 20. d5 exd5 21. Qxe7 Nxe7 22. Rfe1 Nc6 23. Rad1 Nd8 24. Re7 Nc6 25. Rc7+ Kd8 26. Nf7+ Ke8 27. Re1+ Kf8 28. Bh6+ Rg7 29. Nd6 Ne7 30. Rc8+ Nxc8 31. Re8# 1-0

[Event "Athens Mitsakos Memorial 1st"]
[Site "Athens"]
[Date "2018.11.03"]
[Round "1"]
[White "Fitrakis, Emmanouil Panagioti"]
[Black "Drakoulakos, Grigorios"]
[Result "0-1"]
[WhiteElo "1558"]
[BlackElo "2264"]
[PlyCount "31"]
[EventDate "2018.11.03"]
[EventType "swiss"]
[EventRounds "7"]
[EventCountry "GRE"]
[SourceTitle "EXT 2020"]
[Source "ChessBase"]
[SourceDate "2019.10.17"]
[SourceVersion "1"]
[SourceVersionDate "2019.10.17"]
[SourceQuality "1"]

1. e4 c5 2. Nc3 Nc6 3. f4 e6 4. Nf3 d5 5. Bb5 Nge7 6. d3 a6 7. Bxc6+ Nxc6 8. 0-0 Be7 9. Qe1 0-0 10. Qg3 d4 11. Ne2 f5 12. e5 Nb4 13. c3 dxc3 14. bxc3 Nc2 15. Rb1 Qxd3 16. Rd1 0-1

[Event "GRE-chT 46th"]
[Site "Rio Achaia"]
[Date "2018.07.12"]
[Round "4.13"]
[White "Drakoulakos, Grigorios"]
[Black "Skalkotas, Nikolaos"]
[Result "1-0"]
[WhiteElo "2276"]
[BlackElo "2044"]
[PlyCount "71"]
[EventDate "2018.07.10"]
[EventType "team"]
[EventRounds "7"]
[EventCountry "GRE"]
[SourceTitle "CBM 185 Extra"]
[Source "ChessBase"]
[SourceDate "2018.07.29"]
[SourceVersion "1"]
[SourceVersionDate "2018.07.29"]
[SourceQuality "1"]
[WhiteTeam "So Thomas Georgiou"]
[BlackTeam "Panellinios GA"]
[WhiteTeamCountry "GRE"]
[BlackTeamCountry "GRE"]

1. e4 e5 2. Nf3 d6 3. d4 Nf6 4. Nc3 Nbd7 5. Bc4 Be7 6. 0-0 0-0 7. Re1 c6 8. a4 b6 9. h3 a6 10. Be3 Bb7 11. Ba2 b5 12. d5 cxd5 13. Nxd5 Nxe4 14. axb5 axb5 15. Qd3 Nef6 16. Qxb5 Bxd5 17. Bxd5 Rb8 18. Bb7 d5 19. Ba7 Qc7 20. Bxb8 Rxb8 21. Ra8 Rxa8 22. Bxa8 Qxc2 23. Nxe5 Nxe5 24. Qb8+ Bf8 25. Qxe5 h6 26. Qc3 Qa4 27. Bc6 Qa7 28. Qf3 Qc5 29. Qc3 Qa7 30. Qc2 Bc5 31. Qf5 Qb6 32. Bxd5 Qxb2 33. Bxf7+ Kxf7 34. Qxc5 Qd2 35. Qe7+ Kg6 36. Qe6 1-0

[Event "GRE-chT 46th"]
[Site "Rio Achaia"]
[Date "2018.07.10"]
[Round "1.8"]
[White "Drakoulakos, Grigorios"]
[Black "Barski, Radoslaw"]
[Result "0-1"]
[WhiteElo "2276"]
[BlackElo "2431"]
[PlyCount "116"]
[EventDate "2018.07.10"]
[EventType "team"]
[EventRounds "7"]
[EventCountry "GRE"]
[SourceTitle "CBM 185 Extra"]
[Source "ChessBase"]
[SourceDate "2018.07.29"]
[SourceVersion "1"]
[SourceVersionDate "2018.07.29"]
[SourceQuality "1"]
[WhiteTeam "So Thomas Georgiou"]
[BlackTeam "Chania Kaissa"]
[WhiteTeamCountry "GRE"]
[BlackTeamCountry "GRE"]

1. e4 c5 2. Nf3 Nc6 3. Bb5 Nf6 4. e5 Nd5 5. Nc3 Nc7 6. Bxc6 dxc6 7. h3 g6 8. 0-0 Bg7 9. d3 0-0 10. Re1 b6 11. a3 a5 12. Na4 Ne6 13. Be3 Rb8 14. c4 Qc7 15. Qd2 Rd8 16. Rad1 b5 17. cxb5 cxb5 18. Nxc5 Nxc5 19. Rc1 Rxd3 20. Qe2 Qd7 21. Bxc5 Bb7 22. Bd6 Rxd6 23. exd6 exd6 24. Qd3 Bxf3 25. Qxf3 Bxb2 26. Rc2 Be5 27. Rec1 Qe6 28. Rc7 b4 29. axb4 axb4 30. Rb7 Rxb7 31. Qxb7 b3 32. Qc8+ Kg7 33. Qxe6 fxe6 34. Rc7+ Kh6 35. Rb7 b2 36. Kf1 Kg5 37. Ke2 Kf6 38. Kd3 h6 39. g3 g5 40. Rb6 h5 41. Ke4 d5+ 42. Kd3 Kf5 43. Rb7 Bf6 44. Ke3 Be5 45. Rf7+ Kg6 46. Rb7 g4 47. hxg4 hxg4 48. f3 gxf3 49. Kxf3 Kg5 50. g4 Bd4 51. Kg3 e5 52. Rg7+ Kf6 53. Rb7 e4 54. Rb5 Be5+ 55. Kh3 Kg5 56. Rb3 Kf4 57. Rb4 Bc3 58. Rb8 e3 0-1